00453nam a2200169Ia 450000500170000000800410001704000190005804100120007708200180008910000180010724500520012526000370017730000140021465000220022865100220025085000110027220240422131634.0131103s9999 xx 000 0 und d aLoreto College aEnglish a370.954 bKOC aKochhar, S.K. aPivotal issues in Indian educationcS.K.Kochhar aDelhibSterling Publishersc1987 avi,344p.  aEducation - India aIndia - Education aLCBED